To approve the agreement providing terms for a continuation of the free association between the United States and Palau, and for other purposes : markup before the Subcommittee on Asia and the Pacific of the Committee on Foreign Affairs, House of Representatives, One Hundred Twelfth Congress, second session, on H.R. 6040, July 18, 2012.

Bibliographic Details
Corporate Author: United States. Congress. House. Committee on Foreign Affairs. Subcommittee on Asia and the Pacific
Format: Government Document eBook
Language:English
Published: Washington : U.S. G.P.O., 2012.
Subjects:
Online Access:https://purl.fdlp.gov/GPO/gpo27393

MARC

Tag First Indicator Second Indicator Subfields
LEADER 00000cam a2200000 a 4500
001 in00002781358
005 20211120170017.0
006 m o d f
007 cr bn|||||||||
008 120827s2012 dcu ob f000 0 eng c
035 |a (OCoLC)ocn808364894 
040 |a GPO  |c GPO  |d GPO  |d MvI  |d UtOrBLW 
042 |a pcc 
043 |a popl---  |a n-us--- 
049 |a WWW 
050 1 4 |a KF27  |b .F638 2012b 
074 |a 1017-C-07 (online) 
086 0 |a Y 4.F 76/1:112-154 
088 |a Serial no. 112-154 (United States. Congress. House. Committee on Foreign Affairs) 
110 1 |a United States.  |b Congress.  |b House.  |b Committee on Foreign Affairs.  |b Subcommittee on Asia and the Pacific. 
245 1 0 |a To approve the agreement providing terms for a continuation of the free association between the United States and Palau, and for other purposes :  |b markup before the Subcommittee on Asia and the Pacific of the Committee on Foreign Affairs, House of Representatives, One Hundred Twelfth Congress, second session, on H.R. 6040, July 18, 2012. 
264 1 |a Washington :  |b U.S. G.P.O.,  |c 2012. 
300 |a 1 online resource (iii, 29 pages) 
336 |a text  |b txt  |2 rdacontent 
337 |a computer  |b c  |2 rdamedia 
338 |a online resource  |b cr  |2 rdacarrier 
500 |a Title from title screen (viewed on Aug. 27, 2012). 
500 |a Paper version available for sale by the Supt. of Docs., U.S. G.P.O. 
504 |a Includes bibliographical references. 
500 |a "Serial number 112-154." 
500 |a Electronic resource. 
630 0 0 |a Compact of Free Association between the United States and Palau (1984 May 23) 
650 0 |a Economic assistance, American  |z Palau. 
650 0 |a Self-determination, National  |z Palau. 
651 0 |a United States  |x Foreign relations  |z Palau. 
651 0 |a Palau  |x Foreign relations  |z United States. 
776 0 8 |i Print version:  |a United States. Congress. House. Committee on Foreign Affairs. Subcommittee on Asia and the Pacific.  |t To approve the agreement providing terms for a continuation of the free association between the United States and Palau, and for other purposes  |w (OCoLC)808355617 
776 0 8 |i Microfiche:  |a United States. Congress. House. Committee on Foreign Affairs. Subcommittee on Asia and the Pacific.  |t To approve the agreement providing terms for a continuation of the free association between the United States and Palau, and for other purposes  |w (OCoLC)816309791 
856 4 0 |u https://purl.fdlp.gov/GPO/gpo27393  |t 0 
999 |a MARS 
999 f f |s 16c17e24-e344-3ad2-9509-593b8ce327dd  |i 09cb0588-6610-3529-b8e8-07d2d083cb35  |t 0 
952 f f |a Texas A&M University  |b College Station  |c Electronic Resources  |d Available Online  |t 0  |e Y 4.F 76/1:112-154  |h Superintendent of Documents classification 
998 f f |a Y 4.F 76/1:112-154  |t 0  |l Available Online